01059 a2200217 4500003000500000005001700005010001600022020001700038020002400055040000900079082001700088245007800105260003800183300002400221505046700245650001800712650003800730650002400768650002300792700002600815Nust20230302110507.0 a 85017861 a0813301777 : a0813301785 (pbk.) : cNust00a327.174, TEC00aTechnology, strategy, and arms control /cedited by Wolfram F. Hanrieder. aBoulder :bWestview Press,c1986. ax, 162 p. ;c24 cm. aUS Soviet Negotiations And The Arms Race (Page-1), The Nuclear Superpower Relationship (Page-15), Integrating Arms Control In Europe (Page-27), Arms Control And Federal Republic of Germany(Page-49), Assured Strategic Stupidity (Page-65), Strategic Arms Limitation Negotiations (Page-93), Technological Development, The Military Balance And Arms Control (Page-115), Transforming International Security (Page-131), A Christian Response To The Arms Race (Page-149). 0aArms control. 0aArms racexHistoryy20th century. 0aMilitary readiness. 0aNational security.1 aHanrieder, Wolfram F.